00433nam a2200169Ia 4500003000400000005001700004008004100021040000700062041000800069082002100077100001400098245006700112260002300179365001400202650003100216650001600247OSt20230608111902.0210423s2006 xx 000 0 und d cAL aeng a361.3 223bGOUS aGOULD (N) aSocial work critical reflections and the learning organisation aUSAbAshgatec2006 b1436cINR aSocial Problems & Services aSocial Work